000 00386nam a2200133Ia 4500
008 211122s9999||||xx |||||||||||||| ||und||
082 _a894.8123
_bJAY-N
100 _aJayamohan,
245 0 _aNooru Simhasanangal
260 _bMathrubhumi Books
_aKottayam
630 _xGeneral Stack
650 _aMalayalam Literature
_vMalayalam FictionMalayalam NovelsShort Stories
942 _cBOOK
999 _c125777
_d125777